[Event "Western Province-chT"]
[Site "Cape Town"]
[Date "2018.08.04"]
[Round "2"]
[White "Wright, Adrian"]
[Black "Moore, Darren"]
[Result "0-1"]
[WhiteElo "1592"]
[BlackElo "1251"]
[PlyCount "90"]
[EventDate "2018.08.04"]
[EventType "team-tourn"]
[EventRounds "11"]
[EventCountry "RSA"]
[SourceTitle "EXT 2020"]
[Source "ChessBase"]
[SourceDate "2019.10.17"]
[SourceVersion "1"]
[SourceVersionDate "2019.10.17"]
[SourceQuality "1"]
[WhiteTeam "Bellville"]
[BlackTeam "Cape Town"]
[WhiteTeamCountry "RSA"]
[BlackTeamCountry "RSA"]

1. d4 d5 2. c4 e6 3. Nc3 Nf6 4. cxd5 exd5 5. Bg5 c6 6. Qc2 Be7 7. e3 0-0 8. Bd3 h6 9. Bh4 Re8 10. Nf3 Nbd7 11. 0-0 a5 12. a3 Nb6 13. Ne5 Nfd7 14. Bh7+ Kf8 15. Bxe7+ Qxe7 16. f4 Nc4 17. Qf2 Nf6 18. Bd3 Nd6 19. h3 Bf5 20. Bxf5 Nxf5 21. g4 Nd6 22. g5 Nfe4 23. Nxe4 Nxe4 24. Qh4 Kg8 25. Nf3 hxg5 26. fxg5 a4 27. Qf4 Ra6 28. Rac1 c5 29. h4 Rb6 30. Rc2 f6 31. g6 Re6 32. Qg4 Qd6 33. Qh5 Ng3 34. Qh7+ Kf8 35. dxc5 Qb8 36. Re1 Nf5 37. Qh5 Nxe3 38. Qh8+ Ke7 39. Qxg7+ Kd8 40. Rd2 Ng4 41. Kg2 Rxe1 42. Rd4 Qa7 43. Rxd5+ Kc8 44. Qd7+ Kb8 45. Rd2 Qxc5 0-1

[Event "RSA-ch U14"]
[Site "Gauteng"]
[Date "2017.04.07"]
[Round "4"]
[White "Louw, Carlo"]
[Black "Moore, Darren"]
[Result "1/2-1/2"]
[WhiteElo "1343"]
[BlackElo "1250"]
[PlyCount "90"]
[EventDate "2017.04.05"]
[EventType "swiss"]
[EventRounds "11"]
[EventCountry "RSA"]
[SourceTitle "CBM 177 Extra"]
[Source "ChessBase"]
[SourceDate "2017.04.27"]
[SourceVersion "1"]
[SourceVersionDate "2017.04.27"]
[SourceQuality "1"]

1. e4 e5 2. Nf3 Nc6 3. Bc4 Nf6 4. d3 Be7 5. c3 d6 6. 0-0 0-0 7. a4 Re8 8. Nbd2 h6 9. Re1 Bf8 10. Nf1 Be6 11. Bxe6 fxe6 12. Ng3 Qd7 13. b4 Ne7 14. Qc2 a5 15. b5 Nc8 16. Bb2 Qf7 17. h3 Nb6 18. Rac1 Nfd7 19. Ra1 Be7 20. Nf1 Bf6 21. N1h2 Nf8 22. Ng4 Bd8 23. c4 h5 24. Ngh2 Nbd7 25. Ba3 Be7 26. Qd2 Ng6 27. g3 d5 28. Bxe7 Nxe7 29. Qg5 dxc4 30. Nxe5 Nxe5 31. Qxe5 cxd3 32. Qxc7 Rf8 33. f4 e5 34. Qxe5 Rfd8 35. Red1 Ng6 36. Qc3 h4 37. Rxd3 hxg3 38. Rxd8+ Rxd8 39. Qxg3 Nxf4 40. Qg4 Qc4 41. Kh1 Qxe4+ 42. Qf3 Qxf3+ 43. Nxf3 Nxh3 44. Rc1 Rd7 45. Rc4 Nf2+ 1/2-1/2

[Event "RSA-ch U14"]
[Site "Gauteng"]
[Date "2017.04.05"]
[Round "1"]
[White "Moore, Darren"]
[Black "Eaton, Dante"]
[Result "0-1"]
[WhiteElo "1250"]
[BlackElo "1390"]
[PlyCount "64"]
[EventDate "2017.04.05"]
[EventType "swiss"]
[EventRounds "11"]
[EventCountry "RSA"]
[SourceTitle "CBM 177 Extra"]
[Source "ChessBase"]
[SourceDate "2017.04.27"]
[SourceVersion "1"]
[SourceVersionDate "2017.04.27"]
[SourceQuality "1"]

1. e4 c5 2. Nf3 e6 3. d4 cxd4 4. Nxd4 Nc6 5. Be3 a6 6. c4 Qc7 7. Be2 Nf6 8. f3 Be7 9. 0-0 0-0 10. Nc3 d6 11. Qd2 Bd7 12. Rfd1 Rac8 13. Rac1 Rfd8 14. Bf1 Qb8 15. b3 Be8 16. Nc2 Ne5 17. Bb6 Rd7 18. Na4 Bd8 19. Qf2 Re7 20. Bxd8 Rxd8 21. Nb6 Bc6 22. Nb4 Rc7 23. Rd2 a5 24. Nxc6 Rxc6 25. Rcd1 Qc7 26. Na4 h6 27. Nc3 Qb8 28. Nb5 Kf8 29. Rd4 Ke7 30. Qe1 Ra6 31. Qd2 Rd7 32. g3 Nxf3+ 0-1

[Event "RSA-ch U14"]
[Site "Bloemfontein"]
[Date "2016.03.22"]
[Round "4"]
[White "Moore, Darren"]
[Black "Govender, Eli Jordan"]
[Result "0-1"]
[WhiteElo "1147"]
[BlackElo "1480"]
[PlyCount "35"]
[EventDate "2016.03.20"]
[EventType "swiss"]
[EventRounds "11"]
[EventCountry "RSA"]
[SourceTitle "CBM 171 Extra"]
[Source "ChessBase"]
[SourceDate "2016.04.26"]
[SourceVersion "1"]
[SourceVersionDate "2016.04.26"]
[SourceQuality "1"]

1. e4 e5 2. Nf3 Nc6 3. Bc4 Nf6 4. d3 Bc5 5. 0-0 d6 6. h3 h6 7. a4 0-0 8. c3 a5 9. Re1 Re8 10. Be3 Bxe3 11. fxe3 d5 12. exd5 Nxd5 13. Bxd5 Qxd5 14. e4 Qd6 15. Na3 Qg6 16. Kh2 Bd7 17. Nb5 Rac8 18. Nd2 0-1